Matemáticas Financieras

Bibliographic Details
Main Authors: Díaz Mata, Alfredo, Aguilera Gómez, Víctor M.
Format: Section = Libro
Language:Undetermined
Spanish
Published: México McGraw-Hill 1999
Edition:3a.ed.
Subjects:
LEADER 00609nam a2200241Ia 4500
008 241007s9999||||xx |||||||||||||| ||und||
020 |a 970-10-2525-3 
040 |a BIBLIOTECA-RURC/ 510 D542 
041 |a spa 
082 |a 510 D542 
100 1 |a Díaz Mata, Alfredo 
100 1 |b Aguilera Gómez, Víctor M. 
245 1 0 |a Matemáticas Financieras 
250 |a 3a.ed. 
260 |a México  |b McGraw-Hill  |c 1999 
300 |a 467 p. :il. 
650 7 |a MATEMATICAS FINANCIERAS 
650 7 |b INTERES 
650 7 |c  ANUALIDADES 
650 7 |d  DEPRECIACIÓN 
942 |c BK  |2 ddc 
991 |a TEXTO 
999 |c 14332